01002 2200313 4500001002100000005001500021035002000036007000300056008004100059020002200100082001500122084001700137100003200154245011200186250003600298300003900334650003500373700003400408504003000442264004200472336002100514337003000535338002300565040002200588090002200610850001200632999002200644990002200666INLIS00000000090203520260127095137 a0010-0126000968ta260127s2024 yoia g ind  a978-623-185-428-504223a005.54 a005.54 SIT m0 aSiti MurtopingahePengarang10aMengenal lebih dekat aplikasi pengolah angka/spreadsheet /cSiti Murtopingah; penyunting, Aditiya Kurniawan aCetakan Pertama, September 2024 avi, 118 halaman :bgambar ;c20 cm 4aSpreadsheet (program komputer)0 aAditiya KurniawanePenyunting aBibliografi : halaman 11531aYogyakarta :bPustaka Egaliter,c2024 2rdacontentateks 2rdamediaatanpa perantara 2rdacarrieravolume aYOPDYOGbinderda aCB-D.11 2024-7277 aYOPDYOG aCB.D.11/2024-7277 aCB-D.11/2024-7277